A quel joueur sont ces cheveux N°2 - Statistiques

Statistiques générales
  • Ce quiz a été pris 357 fois
  • Le résultat moyen est 5 sur 10
Statistiques - réponses
Par images Réponse % Correct
Zidane
97%
Silva
81%
Pavard
72%
Ronaldo
68%
Puyol
66%
Neymar
59%
Aubameyang
24%
Alves
18%
Beckham
11%
Xavier
3%
Aucun quiz correspondant
Distribution des résultats
% des personnes avec chaque résultat
Percentile par nombre de réponses
Votre historique - résultats
Vous n’avez pas pris ce quiz